000 00261nam a2200097Ia 4500
001 1215596
005 20250827024554.0
008 250824s9999 xx 000 0 und d
245 0 _aDÜŞLERİN PEŞİNDEKİ ÇOCUK
_cKORAY AVCI ÇAKMAN
260 _bALTIN KİTAPLAR
999 _c1215596
_d1215596